Statistiques concernant Quiz sur le Gabon

Cliquez ici pour prendre le quiz!

Statistiques générales

  • Ce quiz a été pris 4 240 fois
  • Le résultat moyen est 11 sur 18

Statistiques - réponses

QuestionRéponse% Correct
Langue officielleFrançais
94%
Pays frontaliersRépublique du Congo
91%
Pays frontaliersCameroun
87%
Ligne horizontale imaginaire qui traverse le GabonÉquateur
84%
Capitale et plus grande villeLibreville
84%
Pays frontaliersGuinée équatoriale
82%
85% du Gabon est recouvert de _____, ce qui est plus que
n'importe quel autre pays dans le monde sauf le Suriname
Forêts
81%
État insulaire situé à 225 kilomètres à l'ouest du GabonSao Tomé-et-Principe
79%
Devise monétaireFranc {CFA}
77%
Principal partenaire économiqueChine
61%
25% de la population mondiale de ce primate vit au GabonGorille
61%
Principal produit d'exportationPétrole
61%
Footballeur franco-gabonais, ayant évolué à Dortmund et Arsenal,
qui fut élu Joueur africain de l'année par la CAF en 2015
Pierre-Emerick
Aubameyang
50%
La Campagne du Gabon s'est déroulée durant cette guerre2nde Guerre mondiale
41%
Président du Gabon de 1967 à 2009 (son fils est maintenant
au pouvoir) dont le nom est un instrument à percussion
Omar {Bongo}
38%
Deuxième ville la plus peupléePort-{Gentil}
29%
Oiseau qui est le symbole national du GabonPerroquet jaco
22%
Fleuve qui donne son nom à plus de la moitié des régions du paysOgooué
16%

Distribution des résultats

Percentile par nombre de réponses

% des personnes avec chaque résultat

Votre développement - résultats

Vous n’avez pas pris ce quiz